000 00311nam a22001217a 4500
999 _c113838
_d113838
005 20190725144406.0
008 190725b ||||| |||| 00| 0 eng d
082 _a345 KAZ
245 _aCriminal justice and forensic science
300 _a266p
650 _zCriminal law
_zCrime - Deviance
942 _2ddc
_cREP